Prestación del Servicio Universal en un marco de competencia en las Telecomunicaciones de Argentina (Registro nro. 23188)

Detalles MARC
000 -LEADER
fixed length control field 00476 a2200133 4500
001 - CONTROL NUMBER
control field ART_10650
005 - DATE AND TIME OF LATEST TRANSACTION
control field 20260410161831.0
008 - FIXED-LENGTH DATA ELEMENTS--GENERAL INFORMATION
fixed length control field 260409a
100 1# - MAIN ENTRY--PERSONAL NAME
Personal name Colomé, Rinaldo A.
245 10 - TITLE STATEMENT
Title Prestación del Servicio Universal en un marco de competencia en las Telecomunicaciones de Argentina
700 1# - ADDED ENTRY--PERSONAL NAME
Personal name Neder, Ángel Enrique
700 1# - ADDED ENTRY--PERSONAL NAME
Personal name Ceballos Ferroglio, Carlos
773 0# - HOST ITEM ENTRY
Title Actualidad Económica
Related parts - Año XI, Nº 50 (ene./abr. 2001)
Record control number REV5083

No hay ítems disponibles.